Régimen jurídico de la administración del Estado
Guardado en:
| Formato: | Libro |
|---|---|
| Lenguaje: | español |
| Publicado: |
Madrid
Boletín Oficial del Estado
1976
|
| Edición: | 12a. ed |
| Colección: | Textos Legales
|
| Materias: | |
| Etiquetas: |
Agregar Etiqueta
Sin Etiquetas, Sea el primero en etiquetar este registro!
|
MARC
| LEADER | 00000nam a2200000 a 4500 | ||
|---|---|---|---|
| 001 | UCS2411 | ||
| 003 | CL-VaPUC | ||
| 008 | 970526e19760000SP |||||||||||||||||spa|d | ||
| 082 | 0 | 4 | |a 342.06 |b REG |2 21 |
| 245 | 1 | 0 | |a Régimen jurídico de la administración del Estado |
| 250 | |a 12a. ed | ||
| 300 | |a 115 p | ||
| 942 | |c BK | ||
| 945 | |d 19970526 00:00:00 |a lriquelm | ||
| 260 | |a Madrid |b Boletín Oficial del Estado |c 1976 | ||
| 650 | 0 | |a Derecho administrativo |9 254851 | |
| 650 | 0 | |a Historia |9 255047 | |
| 650 | 0 | |a Ìndices |9 258316 | |
| 650 | 7 | |a REGIMEN DE DOMINIO |2 CL-VaPUC |9 387801 | |
| 650 | 0 | |a Gobierno |9 255508 | |
| 651 | 0 | |a España |9 254926 | |
| 583 | |a last modification |c 19970526 00:00:00 |k Rodrigo Vera | ||
| 490 | 0 | |a Textos Legales | |
| 999 | |c 260370 |d 260368 | ||
| 952 | |0 0 |1 0 |4 0 |6 342_060000000000000_REG_1976 |7 0 |8 A |9 286450 |a BIBDER |b BIBDER |d 2019-11-19 |i 1862677 |o 342.06 REG 1976 |p 1862677 |r 2023-01-25 |w 2019-11-19 |y BK |k DER | ||